Authoritarian Regimes Quiz Stats

 Plays Quiz not verified by Sporcle

Challenge
Share
Tweet
Embed
Score 0/51 Timer 05:00
0 Plays Today
Position Country % Correct
167.North Korea
93.2%
145.Iran
92.4%
136.China
89.2%
161.Saudi Arabia
85.5%
119.Egypt
84.4%
159.Libya
83.3%
146.Sudan
82%
156.Syria
81.4%
133.Algeria
81.3%
142.Yemen
81%
154.Democratic Republic of the Congo
80.3%
140.Oman
79.7%
166.Chad
79.4%
120.Morocco
78%
147.United Arab Emirates
77.5%
149.Vietnam
77.1%
128.Niger
76.8%
165.Turkmenistan
76.5%
141.Tunisia
76.4%
125.Cuba
75.7%
144.Qatar
75.1%
163.Myanmar
75.1%
148.Zimbabwe
75%
157.Laos
74.9%
127.Kazakhstan
74.6%
164.Uzbekistan
74.6%
Position Country % Correct
138.Afghanistan
74.3%
150.Tajikistan
73.1%
130.Bahrain
71.6%
129.Kuwait
71%
117.Jordan
70.5%
124.Nigeria
70.3%
153.Eritrea
69.8%
143.Republic of The Congo
69%
131.Angola
68.4%
118.Mauritania
66.2%
121.Rwanda
66.1%
162.Central African Republic
64.9%
158.Guinea
64.7%
151.Togo
62.4%
126.Cameroon
61.8%
132.Belarus
61.4%
160.Guinea-Bissau
61.1%
155.Equatorial Guinea
60.7%
152.Djibouti
59.8%
137.Swaziland
59.2%
135.Azerbaijan
57.8%
139.Gabon
55.8%
134.Côte d'Ivoire
55.7%
122.Burkina Faso
54.3%
123.Comoros
40.9%

You're not logged in!

Compare scores with friends on all Sporcle quizzes.
OR
Log In

You Might Also Like...

Show Comments

Extras

Top Quizzes Today


Score Distribution

Your Account Isn't Verified!

In order to create a playlist on Sporcle, you need to verify the email address you used during registration. Go to your Sporcle Settings to finish the process.

Report this User

Report this user for behavior that violates our Community Guidelines.

Details: